000 00458nam a2200169Ia 4500
003 OSt
005 20201027132113.0
008 190216s9999||||xx |||||||||||||| ||und||
040 _coclc
082 _a823.7
_bAUS/E
100 _aAustein, Jane
_96044
245 0 _aEmma /
_cJane Austen
260 _bJ M Dent &sons Ltd,
_c1948.
_aLondon:
300 _a438p
650 _aEnglish Novel
942 _cBK
_2ddc
_h823.7
_iAUS/E
_k823.7
_mAUS/E
999 _c11710
_d11710